Un disparatado viaje a Ratikistán /

Odio viajar. ¿Qué hago entonces aquí, en Ratikistán, a cuarenta grados bajo cero, con mi familia en una casa rodante color queso? Todo ha sido culpa de mi abuelo, Torcuato Revoltoso, el fundador de la editorial...

Guardado en:
Autor Principal: Stilton, Geronimo
Otros Autores: Keys, Larry; il., Manzano, Manuel; trad.
Formato: Libro
Idioma:Undetermined
Publicado: Buenos Aires : Destino, 2011.
Edición:1a ed.
Series:Geronimo Stilton
Materias:
Etiquetas: Agregar Etiqueta
Sin Etiquetas, Sea el primero en etiquetar este registro!
LEADER 01204nam a22002655a 4500
001 CEM.cems020864
008 240304s2011####ag############000#0#und#d
005 20240306164346.0
245 1 0 |a Un disparatado viaje a Ratikistán /  |c Geronimo Stilton ; ilustrado por Larry Keys ; traducido por Manuel Manzano. 
250 |a 1a ed. 
260 |a Buenos Aires :  |b Destino,  |c 2011. 
300 |a 128 p. 
490 1 |a Geronimo Stilton 
500 |a Geronimo Stilton es el nombre del escritor ficticio con el que firma la escritora italiana Elisabetta Dami. 
500 |a Título original: Un camper color formaggio. 
500 |a Edición especial de La Nación. 
520 |a Odio viajar. ¿Qué hago entonces aquí, en Ratikistán, a cuarenta grados bajo cero, con mi familia en una casa rodante color queso? Todo ha sido culpa de mi abuelo, Torcuato Revoltoso, el fundador de la editorial... 
020 |a 9789507321412 
100 1 |a Stilton, Geronimo  |j Dami, Elisabetta. 
700 1 |a Keys, Larry; il. 
700 1 |a Manzano, Manuel; trad. 
653 |a Literatura infantil 
653 |a Novela infantil 
653 |a Literatura italiana 
859 |a CEMS  |b BIB. CEMS - Inicial y Primaria  |h 853.9  |i St548-1  |k IP  |p 2985  |t Ej.1